• 首页
  • 本馆介绍
  • 公告通知
  • 最新文献
  • 馆藏检索
  • 电子资源
  • 读者荐购
  • 参考咨询
  • CALIS
  • 我的图书馆
  • 登录
  • 详细信息显示
  • 放入我的书架
  • 预约/预借图书
  • 作者相关作品
  • 分类相关作品
  • 丛书相关作品
  • 出版社相关作品

书目信息

  • 表格格式
  • 工作单格式
  • 卡片格式
题名:
注册电气工程师 (供配电) 执业资格考试强制性标准摘编
    
 
作者: 易立成 编
分册:  
出版信息: 北京   中国电力出版社  2004.10
页数: 388页
开本: 26cm
丛书名:
单 册:
中图分类: TM72-62
科图分类:
主题词: 供电--gong dian--工程师--考核--标准--汇编 , 配电系统--pei dian xi tong--工程师--考核--标准--汇编
电子资源:
ISBN: 7-5083-2607-5
 
 
 
 
 
000 01015nam0 2200229 450
001 0142252328
005 20050622160644.56
010    @a7-5083-2607-5@dCNY45.00
100    @a20050506d2004 km y0chiy0120 ea
101 0  @achi
102    @aCN@b110000
105    @aa z 000yy
200 1  @a注册电气工程师 (供配电) 执业资格考试强制性标准摘编@Azhu ce dian qi gong cheng shi(gong pei dian)zhi ye zi ge kao shi qiang zhi xing biao zhun zhai bian@f易立成编@Fyi li cheng bian
210    @a北京@c中国电力出版社@d2004.10
215    @a388页@c图@d26cm
330    @a注册电气工程师(供配电)执业资格考试需要掌握大量的强制性标准,而大量分散的规程标准给应试人员学习造成了困难,为方便应试人员查找与学习,故编写本书。本书按考试大纲所列相关规程规定的内容,收入全部58种规范和标准。
606 0  @a供电@Agong dian@x工程师@x考核@x标准@x汇编
606 0  @a配电系统@Apei dian xi tong@x工程师@x考核@x标准@x汇编
690    @aTM72-62@v4
701  0 @a易立成@Ayi li cheng@4编
801  0 @aCN@bRULIN@c20050622
905    @a10447@dTM72-62@eY549
    
    注册电气工程师 (供配电) 执业资格考试强制性标准摘编/易立成编.-北京:中国电力出版社,2004.10
    388页:图;26cm
    
    
    ISBN 7-5083-2607-5:CNY45.00
    注册电气工程师(供配电)执业资格考试需要掌握大量的强制性标准,而大量分散的规程标准给应试人员学习造成了困难,为方便应试人员查找与学习,故编写本书。本书按考试大纲所列相关规程规定的内容,收入全部58种规范和标准。
●
相关链接 在E读中查询图书 在当当中查询图书 在豆瓣中查询图书


正题名:注册电气工程师 (供配电) 执业资格考试强制     索取号:TM72-62/Y549         预约/预借

序号 登录号 条形码 馆藏地/架位号 状态 备注
1 520053   205200539   自科库301/301自科库 17排4列2层/ [索取号:TM72-62/Y549] 在馆    
2 520054   205200548   自科库301/301自科库 17排4列2层/ [索取号:TM72-62/Y549] 在馆    
3 520055   205200557   自科二线404/301自科库 12排2列4层/ [索取号:TM72-62/Y549] 在馆    
河南城建学院图书馆 欢迎您!
大连网信软件有限公司© 版权所有